000 00502nam a2200181Ia 4500
008 090123s9999 xx 000 0 und d
082 _b36785
_a891.463/नाईक
100 _aनाईक गुरूनाथ
245 _aधडक
250 _a1
260 _bसुशिल प्रकाशन
_c2004
300 _a168
600 _aनाईक गुरूनाथ
630 _aधडक
700 _aनाईक गुरूनाथ
730 _aधडक
942 _cBOOK
999 _c74853
_d74853